| 000 | 00631cam a2200229 a 4500 | ||
|---|---|---|---|
| 001 | 12158304 | ||
| 003 | OSt | ||
| 005 | 20160420142102.0 | ||
| 008 | 000829s2001 maua 001 0 eng | ||
| 010 | _a 00045412 | ||
| 020 | _a0205307558 | ||
| 040 | _aSEKU | ||
| 050 | 0 | 0 |
_aPE 1122 _b.G3 |
| 082 | 0 | 0 |
_a428.6/2 _221 |
| 100 | 1 |
_aGarrigus, Richmond, _d1941- |
|
| 245 | 1 | 4 |
_aThe inquiring reader : _bfoundations for college reading / _cRichmond Garrigus. |
| 260 |
_aBoston : _bAllyn and Bacon, _c2001. |
||
| 300 |
_axix, 476 p. : _bill. ; _c24 cm. |
||
| 500 | _aIncludes index. | ||
| 650 | 0 | _aCollege readers. | |
| 942 |
_2lcc _cGEN |
||
| 999 |
_c12873 _d12873 |
||